Responses for Show #5525 - Friday, September 19, 2008

2008 Kids Week Reunion game 5.

Contestants

[<< previous game]

David Hudson, a junior from the University of Virginia

Cassie Hill, a recent graduate from the University of Mary Washington

Robert Arshonsky, a senior from Cal Poly

[next game >>]

Jeopardy! Round responses

POLITICIANS
MOVIES BY QUOTE
WHEN YOU WERE YOUNG
NICE RIDE
BOOKS & AUTHORS
HIDDEN COLORS
(Alex: The correct response will be a color hidden in the clue, but the letters will be in order.)
    $200 5
George W. Bush

Robert
    $200 6
(Robert: What is Shark Bait?)

Finding Nemo

RobertCassie
    $200 16
the Mississippi

Cassie
    $200 21
a pickup truck

Robert
    $200 13
a vampire

Robert
    $200 27
black (Bob lacked)

Cassie
    $400 4
Nancy Pelosi

David
    $400 7
The Simpsons Movie

Cassie
    $400 17
Russia

Robert
    $400 22
a sled

Triple Stumper
    $400 15
(Robert: What is Massachusetts?)

Maine

RobertCassie
    $400 28
[The end-of-round signal sounds.]

green (agree no)

Robert
    $600 3
New Orleans

David
    $600 8
Iron Man

Cassie
    $600 18
Israel

Robert
    $600 23
your bicycle

Triple Stumper
    $600 14
blue

Cassie
    $800 2
Harry Reid

Robert
    $800 9
Indiana Jones and the Kingdom of the Crystal Skull

Triple Stumper
    $800 19
a sheep

David
    $800 12
Agatha Christie

Cassie
    $800 26
gold (Bringing old)

Cassie
    $1000 1
(Robert: What is Nebraska?)

Kansas

Robert
Triple Stumper
    $1000 10
Back to the Future

Robert
    $500 20
Vietnam

David
    $1000 24
a trolley

Robert
    $1000 11
Ian Fleming

Robert
    $1000 25
orange (for angels)

Triple Stumper

Scores at the first commercial break (after clue 14):

Robert Cassie David
$2,000 $2,600 $1,000

Scores at the end of the Jeopardy! Round:

Robert Cassie David
$4,200 $4,200 $2,300

Double Jeopardy! Round responses

EUROPEAN CITIES
WE LOVE THE THEATRE
SO WHAT'D YOU DO WITH THE MONEY?
WORD ORIGINS
COME UP TO THE LAB
...SEE WHAT'S ON THE SLAB
    $400 6
Edinburgh

Cassie
    $400 21
Daniel Radcliffe

David
    $400 16
Donald Trump

Robert
    $400 1
paradise

Robert
    $400 11
Edison

Robert
    $800 7
Salzburg

Robert
    $800 22
a prom

Triple Stumper
    $800 17
Oprah Winfrey

David
    $800 2
a cappella

Robert
    $800 12
Cambridge

David
    $2,000 8
(Robert: What is Sicily?)
(Alex: Oh, no, what is [*]? [*]. They've abandoned the center of the city for the suburbs.)

Venice

Robert
    $1200 23
Spring

Cassie
    $1200 18
(Rupert) Murdoch

Robert
    $1200 3
crocodile

Triple Stumper
    $1200 13
Jet Propulsion Laboratory

David
    $1600 9
Athens

David
    $1600 24
(Cassie: What is Brooklyn?)

Manhattan

Cassie
Triple Stumper
    $1600 19
Bill & Melinda Gates

David
    $5,400 4
(Robert: What is... I don't know.)
(Alex: Well, the Old English for "nothing" is "naught", and the word we were going for is [*].)

naughty

Robert
    $1600 14
(Cassie: Who is Galileo?)

Isaac Newton

Cassie
Triple Stumper
    $2000 10
Hamburg

Triple Stumper
    $2000 25
Legally Blonde

Cassie
    $2000 20
Mark Cuban

David
    $2000 5
rival

Triple Stumper
    $2000 15
Alexander Graham Bell

Triple Stumper
    $2000 26
[The end-of-round signal sounds.]

the Rosetta Stone

Cassie

Scores at the end of the Double Jeopardy! Round:

Robert Cassie David
$800 $6,600 $10,700

[wagering suggestions for these scores]

Final Jeopardy! Round responses

NBA LOGOS
(Alex: In the expansion of this country westward, rowels were very important, very necessary.)
...
(Alex: Obviously, no one knew what a rowel is. A rowel is that little round plate with spikes on it, and you also know it as spurs. So [*] is the NBA team.)
RobertWho are the Hornets
$796
CassieWho is the Knicks
$4,101
DavidWho are the Cavaliers?
$2,501
the San Antonio Spurs

Final scores:

Robert Cassie David
$4 $2,499 $8,199
3rd place: $2,500 2nd place: $5,000 Winner: $25,000

Game dynamics:

Coryat scores:

Robert Cassie David
$8,200 $6,600 $11,200
16 R,
5 W
(including 2 DDs)
13 R,
2 W
11 R
(including 1 DD),
0 W

Combined Coryat: $26,000

[game clues] [game scores] [suggest correction]

Game tape date: 2008-08-12
The J! Archive is created by fans, for fans. Scraping, republication, monetization, and malicious use prohibited; this site may use cookies and collect identifying information. See terms. The Jeopardy! game show and all elements thereof, including but not limited to copyright and trademark thereto, are the property of Jeopardy Productions, Inc. and are protected under law. This website is not affiliated with, sponsored by, or operated by Jeopardy Productions, Inc. Join the discussion at JBoard.tv.